|
|
|
|
| LEADER |
01079cam a2200313 7i4500 |
| 001 |
0000035142 |
| 005 |
20180808090000.0 |
| 007 |
##ta |
| 008 |
180808 |
| 020 |
# |
# |
|a 9780141981802
|
| 040 |
# |
# |
|a MATR
|
| 090 |
0 |
0 |
|a B 006.301
|b TEG
|b 22
|
| 100 |
1 |
# |
|a Tegmark, Max
|e author
|
| 245 |
0 |
0 |
|a Life 3.0 :
|b being human in the age of artificial intelligence
|c by Max Tegmark.
|
| 250 |
0 |
0 |
|a First edition.
|
| 264 |
# |
4 |
|a ♭.
|
| 264 |
# |
1 |
|a United Kigdom-:
|b Penguin Books-,
|c 2018.
|
| 300 |
# |
# |
|a 364 pages:
|b illustrations;
|c 23.5 cm.
|
| 336 |
# |
# |
|a text
|2 rdacontent
|
| 337 |
# |
# |
|a unmediated
|2 rdamedia
|
| 338 |
# |
# |
|a volume
|2 rdacarrier
|
| 504 |
# |
# |
|a Includes bibliographical references and index
|
| 650 |
# |
0 |
|a Artificial intelligence --
|x Philosophy
|
| 650 |
# |
0 |
|a Artificial intelligence --
|x Social aspects
|
| 650 |
# |
0 |
|a Artificial intelligence --
|x Moral and ethical aspects
|
| 650 |
# |
0 |
|a Automation --
|x Social aspects
|
| 650 |
# |
0 |
|a Automation --
|x Moral and ethical aspects
|
| 650 |
# |
0 |
|a Technological forecasting
|
| 999 |
|
|
|a B000040329
|b Book
|c Book
|e Business Information Centre
|